1194 1764 1067 1119 1700 1282 1325 1238 1532 1121 1810 1428 1840 1909 1150 2000 1629 1619 1317 1446 1534 1172 1839 1423 1160 1569 1079 1949 1111 1206 1221 1607 1971 1548 1965 1305 1723 1358 1887 1933 1327 1016 1499 1326 1824 1872 1738 1897 1705 1997 1438 1168 1778 1722 1309 1712 1157 1042 1695 1266 1900 1563 1616 1346 1904 1991 1644 1501 1686 1086 1878 1630 1527 1691 1040 1740 1094 1578 1763 1031 1266 1006 1180 1332 1732 1861 1216 1645 1163 1966 1293 1143 1008 1098 1645 1437 1151 1822 1952 BCNSPRNW ULIB Ver.6.0+V

เปลี่ยนเป็นภาษาไทย

Change to English
 แสดงรายละเอียดบรรณานุกรม
  กลับหน้าหลัก

Brief Record : Get Marc (ISO 2709) : E-mail record : QR code < ปิดหน้าต่าง
LEADER : 00000nam 2200000uu 4500
001    13399111261
003     ULIB
008    110621s||||||||th 000 0 tha d
020    9747379112
050  4 BF637^bว526ค 2544
100 0  วิจิตรวาทการ,^cพลตรี หลวง,^d2441-2505
245 10 ความฝัน /^cโดย พลตรี หลวงวิจิตรวาทการ
250    พิมพ์ครั้งที่ 2
260    กรุงเทพฯ :^bสร้างสรรค์บุ๊คส์,^c2544
300    (18), 230 หน้า ;^c21 ซม.
600 07 วิจิตรวาทการ,^cพลตรี หลวง,^d2441-2505
650  7 ฝัน
650  7 การทำนายฝัน
650  7 จิตวิเคราะห์
945    ^p185^l0^i027151
945    ^p185^l0^i027152
995    ทศพร
999 ^a ใช้งานได้ทุกระบบ
รายการนี้ยังไม่มีแท็ก
คุณยังไม่ได้ล็อกอิน คุณสามารถมีกิจกรรมร่วมกับเว็บไซต์ได้ แต่ต้องล็อกอินก่อน ::
  ล็อกอิน

รายการสื่อสารสนเทศ

ลำดับที่ ประเภท เลขเรียก/บาร์โค้ด สถานที่ สถานะ
- ไม่พบข้อมูล -

รายการใกล้เคียง
    หัวเรื่อง [ฝัน]
    หัวเรื่อง [การทำนายฝัน]
    หัวเรื่อง [จิตวิเคราะห์]

BibComment


ยังไม่เคยถูกคอมเมนท์

คอมเมนท์ทรัพยากรรายการนี้
  คอมเมนท์: ความฝัน โดย พลตร..


 Copyright 2026. Bcnsprnw @Library